Football Teams Peter Crouch Played For - Statistics

General Stats
  • This quiz has been taken 61 times
  • The average score is 8 of 14
Answer Stats
League Years Team % Correct
England 2005-2008 Liverpool FC
96%
England 1998-2000 Tottenham Hotspur
92%
England 2009-2011 Tottenham Hotspur
92%
England 2011-2019 Stoke City
91%
England 2001-2002 Portsmouth FC
55%
England 2008-2009 Portsmouth FC
55%
England 2004-2005 Southampton FC
51%
England 2019 Burnley FC
49%
England 2002-2003 Aston Villa
45%
England 2003-2004 Aston Villa
45%
England 2000-2001 Queens Park Rangers
45%
England 2003 Norwich City
23%
England 2000 Dulwich Hamlet
6%
Sweden 2000 IFK Hässleholm
6%
No matching quizzes found
Score Distribution
Percent of People with Each Score
Percentile by Number Answered
Your Score History
You have not taken this quiz